000 00346nam a2200133Ia 4500
005 20251222144811.0
008 251222s9999||||xx |||||||||||||| ||spa||
020 _a84-89-311-56-0
082 _a303.3/P46
100 _aPérez Sánchez, Pablo
245 0 _aPrincipios para la Organización Social
264 _bUniversidad de Piura
942 _cLIB
999 _c20097
_d20097